| 000 | 00780nam a2200193Ia 4500 | ||
|---|---|---|---|
| 005 | 20251020182606.0 | ||
| 008 | 200515s9999 xx 000 0 und d | ||
| 082 | _aSC/377.4(7/8)C43 | ||
| 110 | _aCinterfor | ||
| 245 | 0 | _aCuadro comparativo y fichas descriptivas de las instituciones de formación profesional de América Latina | |
| 260 | _aMontevideo | ||
| 260 | _c1977 | ||
| 300 | _a194 | ||
| 520 | _aSe congregan dos trabajos: uno, el cuadro comparativo de las instituciones de Formación Profesional de América Latina, es panorámico y conceptual : contiene un resumen de los estatutos o cartas orgánicas de las instituciones, de sus actividades más import | ||
| 650 | _aFORMACION PROFESIONAL | ||
| 650 | _aINSTITUCIONES | ||
| 650 | _aPUB CINTERFOR | ||
| 942 | _cLIB | ||
| 999 |
_c3199 _d3199 |
||